<?xml version="1.0" encoding="UTF-8"?>
<collection xmlns="http://www.loc.gov/MARC21/slim">
<record>
  <controlfield tag="001">163340</controlfield>
  <controlfield tag="005">20251028143403.0</controlfield>
  <datafield tag="024" ind1="8" ind2=" ">
    <subfield code="2">innovaciondocente</subfield>
    <subfield code="a">5282</subfield>
  </datafield>
  <datafield tag="037" ind1=" " ind2=" ">
    <subfield code="a">INNODOC-2024-5282</subfield>
  </datafield>
  <datafield tag="041" ind1=" " ind2=" ">
    <subfield code="a">spa</subfield>
  </datafield>
  <datafield tag="100" ind1=" " ind2=" ">
    <subfield code="0">(orcid)0000-0001-5105-6133</subfield>
    <subfield code="a">Acín Tresaco, Cristina</subfield>
    <subfield code="e">coord.</subfield>
  </datafield>
  <datafield tag="245" ind1=" " ind2=" ">
    <subfield code="a">Evaluación de Competencias Transversales del Sello 1+5 UNIZAR en las Titulaciones de la Facultad de  Veterinaria</subfield>
  </datafield>
  <datafield tag="260" ind1=" " ind2=" ">
    <subfield code="a">Zaragoza</subfield>
    <subfield code="b">Universidad de Zaragoza</subfield>
    <subfield code="c">2024</subfield>
  </datafield>
  <datafield tag="520" ind1="3" ind2=" ">
    <subfield code="a">El presente proyecto tiene como objetivo definir cómo se evaluarán las competencias transversales propuestas por el Vicerrectorado de Política Académica (5+1) en cada una de las titulaciones de Grado y Máster impartidas en la Facultad de Veterinaria. La inclusión curricular de estas competencias caracteriza a la Universidad de Zaragoza y la sitúa como una de las primeras Universidades que están trabajando en garantizar a nuestros estudiantes el desarrollo integral en las cinco áreas claves: Democracia y Sostenibilidad, Trabajo en Equipo, Pensamiento Crítico, Inteligencia Emocional, Innovación y Creatividad, y Autoaprendizaje Permanente. Para su efectiva implementación en la Facultad de Veterinaria, se va a identificar qué asignaturas de cada titulación ya lo trabajan y podrían actuar como asignaturas "puntos de control" y se propondrán mejoras cuando se estime oportuno.</subfield>
  </datafield>
  <datafield tag="700" ind1=" " ind2=" ">
    <subfield code="0">(orcid)0000-0002-1210-286X</subfield>
    <subfield code="a">Ortega Rodríguez, Carmelo</subfield>
  </datafield>
  <datafield tag="700" ind1=" " ind2=" ">
    <subfield code="0">(orcid)0000-0002-5049-3646</subfield>
    <subfield code="a">Cebrián Auré, Guillermo</subfield>
  </datafield>
  <datafield tag="700" ind1=" " ind2=" ">
    <subfield code="0">(orcid)0000-0001-6016-4726</subfield>
    <subfield code="a">Martín Burriel, Inmaculada</subfield>
  </datafield>
  <datafield tag="700" ind1=" " ind2=" ">
    <subfield code="0">(orcid)0000-0003-0715-0418</subfield>
    <subfield code="a">Pérez Ibarra, Irene</subfield>
  </datafield>
  <datafield tag="700" ind1=" " ind2=" ">
    <subfield code="0">(orcid)0000-0002-3764-0189</subfield>
    <subfield code="a">Beltrán Gracia, José Antonio</subfield>
  </datafield>
  <datafield tag="700" ind1=" " ind2=" ">
    <subfield code="0">(orcid)0000-0001-6955-355X</subfield>
    <subfield code="a">Olleta Castañer, José Luis</subfield>
  </datafield>
  <datafield tag="700" ind1=" " ind2=" ">
    <subfield code="0">(orcid)0000-0001-6256-5478</subfield>
    <subfield code="a">Varona Aguado, Luis</subfield>
  </datafield>
  <datafield tag="700" ind1=" " ind2=" ">
    <subfield code="0">(orcid)0000-0002-0712-1185</subfield>
    <subfield code="a">Fondevila Camps, Manuel</subfield>
  </datafield>
  <datafield tag="700" ind1=" " ind2=" ">
    <subfield code="0">(orcid)0000-0001-6964-7011</subfield>
    <subfield code="a">Falceto Recio, María Victoria</subfield>
  </datafield>
  <datafield tag="700" ind1=" " ind2=" ">
    <subfield code="0">(orcid)0000-0002-0680-9957</subfield>
    <subfield code="a">Borobia Frías, Marta</subfield>
  </datafield>
  <datafield tag="700" ind1=" " ind2=" ">
    <subfield code="0">(orcid)0000-0003-3436-776X</subfield>
    <subfield code="a">Peribáñez López, Miguel Ángel</subfield>
  </datafield>
  <datafield tag="700" ind1=" " ind2=" ">
    <subfield code="0">(orcid)0000-0002-1961-8551</subfield>
    <subfield code="a">Lorán Ayala, Susana</subfield>
  </datafield>
  <datafield tag="700" ind1=" " ind2=" ">
    <subfield code="0">(orcid)0000-0002-2713-5939</subfield>
    <subfield code="a">Resconi Briggiler, Virginia Celia</subfield>
  </datafield>
  <datafield tag="856" ind1="4" ind2=" ">
    <subfield code="s">566174</subfield>
    <subfield code="u">http://zaguan.unizar.es/record/163340/files/memoria_PICT_2024_5282.pdf</subfield>
    <subfield code="y">Memoria del proyecto</subfield>
  </datafield>
  <datafield tag="970" ind1=" " ind2=" ">
    <subfield code="a">INNODOC-2024-5282</subfield>
  </datafield>
  <datafield tag="980" ind1=" " ind2=" ">
    <subfield code="a">INNODOC</subfield>
    <subfield code="b">PICT</subfield>
  </datafield>
</record>
</collection>